Raíces históricas y procesos actuales de la integración en América Latina y el Caribe : (Registro nro. 13710)

Detalles MARC
000 -LEADER
fixed length control field 01644nam a2200325 u 4500
001 - CONTROL NUMBER
control field
003 - CONTROL NUMBER IDENTIFIER
control field DO-SdBNP
005 - DATE AND TIME OF LATEST TRANSACTION
control field 20210903092016.0
008 - FIXED-LENGTH DATA ELEMENTS--GENERAL INFORMATION
fixed length control field 100813s2016 dr a 000 0 spa d
020 ## - INTERNATIONAL STANDARD BOOK NUMBER
International Standard Book Number 9789945893526
040 ## - CATALOGING SOURCE
Original cataloging agency DO-SdBNP
Language of cataloging spa
Transcribing agency BPMSU
082 ## - DEWEY DECIMAL CLASSIFICATION NUMBER
Classification number 327.17
Item number R149h 2016
Edition number 22
245 00 - TITLE STATEMENT
Title Raíces históricas y procesos actuales de la integración en América Latina y el Caribe :
Remainder of title una mirada comparativa /
Statement of responsibility, etc. edición Eliades Acosta Matos y Janley Rivera Mejías.
260 ## - PUBLICATION, DISTRIBUTION, ETC. (IMPRINT)
Place of publication, distribution, etc. Santo Domingo :
Name of publisher, distributor, etc. Ministerio para Políticas de Integración Regional,
Date of publication, distribution, etc. 2016.
300 ## - PHYSICAL DESCRIPTION
Extent 212 p. :
Other physical details il. ;
Dimensions 29 cm.
490 0# - SERIES STATEMENT
Series statement Educar para integrar,
Volume/sequential designation 1
500 ## - GENERAL NOTE
General note Incluye índice onomástico
505 0# - FORMATTED CONTENTS NOTE
Formatted contents note Inauguración del curso -- La integración centroamericana y caribeña desde la óptica legislativa -- La experiencia integradora centroamericana -- Potenciando la integración con República Dominicana y el resto del Caribe -- Integración, cooperación multilateral y fondos para el desarrollo -- Integración, relaciones internacionales, educación y cultura -- Ceremonia de clausura del curso.
590 ## - LOCAL NOTE (RLIN)
Local note Inventariado, 2021/VM
650 #4 - SUBJECT ADDED ENTRY--TOPICAL TERM
Topical term or geographic name as entry element Integración latinoamericana
650 #4 - SUBJECT ADDED ENTRY--TOPICAL TERM
Topical term or geographic name as entry element Apertura económica
Geographic subdivision Caribe (República Dominicana).
651 #4 - SUBJECT ADDED ENTRY--GEOGRAPHIC NAME
Geographic name República Dominicana
General subdivision Relaciones Exteriores
700 1# - ADDED ENTRY--PERSONAL NAME
Personal name Acosta Matos, Eliades
Dates associated with a name 1959-
Relator term ed.
700 1# - ADDED ENTRY--PERSONAL NAME
Personal name Rivera Mejías, Janley
Relator term ed.
700 z# - ADDED ENTRY--PERSONAL NAME
Personal name Matos, Eliades Acosta,
Dates associated with a name 1959-
710 2# - ADDED ENTRY--CORPORATE NAME
Corporate name or jurisdiction name as entry element Ministerio para Polílitcas de Integración Regional (República Dominicana)
830 #0 - SERIES ADDED ENTRY--UNIFORM TITLE
Uniform title Educar para integrar ;
Number of part/section of a work 1
910 ## - USER-OPTION DATA (OCLC)
User-option data VMateo V.
942 ## - ADDED ENTRY ELEMENTS (KOHA)
Source of classification or shelving scheme Dewey Decimal Classification
Koha item type Libros
Existencias
Withdrawn status Lost status Source of classification or shelving scheme Damaged status Not for loan Collection code Home library Current library Date acquired Source of acquisition Total Checkouts Full call number Barcode Date last seen Price effective from Koha item type Copy number
    Dewey Decimal Classification     Colección Dominicana Biblioteca Pública Metropolitana Salomé Ureña Biblioteca Pública Metropolitana Salomé Ureña 09/03/2021 BNPHU   BPMSU CD 327.17 R149h 2016 BPM21090033 09/03/2021 09/03/2021 Libros  
    Dewey Decimal Classification     Colección Dominicana Biblioteca Pública Metropolitana Salomé Ureña Biblioteca Pública Metropolitana Salomé Ureña 09/03/2021 BNPHU   BPMSU CD 327.17 R149h 2016 BPMSU21090034 09/03/2021 09/03/2021 Libros e.2
    Dewey Decimal Classification     Colección Dominicana Biblioteca Pública Metropolitana Salomé Ureña Biblioteca Pública Metropolitana Salomé Ureña 09/03/2021 BNPHU   BPMSU CD 327.17 R149h 2016 BPMSU25120017 12/02/2025 09/03/2021 Libros e.3